Statistics for Name the Aircraft Quiz

Click here to take the quiz!

General Stats

  • This quiz has been taken 5,474 times
  • The average score is 6 of 15

Answer Stats

HintAnswer% Correct
First supersonic passenger aircraft.Concorde
92%
Known as "Queen of the Skies"Boeing 747
78%
First digital fly-by-wire jet airliner.Airbus A320
54%
World's largest (by mass) aircraft.An-225
44%
First fully fly-by-wire American airliner.Boeing 777
44%
Often called a Russian "copy" of the above aircraft.Tu-144
44%
The Hawker Siddeley Nimrod, operated by the RAF, was based on which commercial airliner?DH 106 "Comet"
35%
Lockheed's last airliner.L-1011 Tristar
34%
Known as the "tankbuster".A-10
33%
First two pilot widebody jet airliner.Airbus A300B4-200FF
29%
Military version of the DC-3.C-47
25%
Most produced aircraft.C172
22%
Carrier version of the Su-27.Su-33
12%
First airliner with autoland capability.HS121 Trident
9%
The first airliner with a pressurised cabin.Boeing 307
4%

Score Distribution

Percentile by Number Answered

Percent of People with Each Score

Your Score History

You have not taken this quiz